| 000 | 00586nam a2200193Ia 4500 | ||
|---|---|---|---|
| 005 | 20250508151315.0 | ||
| 008 | 008 250505s9999 xx 000 0 eng d | ||
| 037 | _aTextual | ||
| 040 |
_aFEDL _beng _cFEDL |
||
| 041 |
_aeng _2eng |
||
| 084 |
_a372.8942, GRE _qFEDL |
||
| 245 | 0 | _aLocal studies | |
| 260 |
_aLondon, UK _bHis Majesty's Stationery Office _c1948 |
||
| 300 | _a95p. | ||
| 490 | _aThis handbook is part of the visual unit local studies | ||
| 546 | _aMinistry of education pamphlet No. 10 | ||
| 942 |
_cTEXL _h372.8942, GRE |
||
| 999 |
_c1328975 _d1328975 |
||